| 000 | 00800nam a22002777a 4500 | ||
|---|---|---|---|
| 001 | BR7901454 | ||
| 003 | BR-BrBNA | ||
| 005 | 20230928085947.0 | ||
| 007 | ta | ||
| 008 | 230509b bl.||||| |||| 00| 0 por d | ||
| 040 |
_aBR-BrBNA _bpor _cBiblioteca Nacional de Agricultura |
||
| 041 | _a(Por) | ||
| 072 |
_aF00; E70 _b1122 _b1116 _b1126 |
||
| 090 | _ 1122 BR7901454 | ||
| 100 | 1 | _aMaranca, G. | |
| 245 | 1 | _aFruticultura comercial. Mamao, goiaba e abacaxi [pratica cultural, comercializacao, Carica papaya, Psidium guajava, Ananas comosus] | |
| 260 | 3 |
_aSao Paulo, SP (Brasil): _bNobel, _c1978. |
|
| 300 | _a121 p. | ||
| 500 | _a31 ref. | ||
| 650 | _aMAMAO | ||
| 650 | _aGOIABA | ||
| 650 | _aABACAXI | ||
| 650 | _aPRATICA CULTURAL | ||
| 909 |
_a202309 _bLucia _c55 _dLucia Elande |
||
| 942 | _cBK | ||
| 999 |
_c27196 _d27196 |
||